[Event "POL-chT 2nd div South"]
[Site "Polanica Zdroj"]
[Date "1999.??.??"]
[Round "2"]
[White "Walach, Marcin"]
[Black "Izbinski, Bartlomiej"]
[Result "1-0"]
[WhiteElo "2302"]
[BlackElo "2208"]
[PlyCount "40"]
[EventDate "1999.09.17"]
[EventType "team-swiss"]
[EventRounds "10"]
[EventCountry "POL"]
[SourceTitle "EXT 2001"]
[Source "ChessBase"]
[SourceDate "2000.11.22"]
[SourceVersion "1"]
[SourceVersionDate "2000.11.22"]
[SourceQuality "1"]
[WhiteTeam "POL-chT 2nd div South 23"]
[BlackTeam "POL-chT 2nd div South 25"]
[WhiteTeamCountry "POL"]
[BlackTeamCountry "POL"]

1. c4 e5 2. Nc3 Nf6 3. Nf3 e4 4. Ng5 b5 5. d3 exd3 6. cxb5 h6 7. Nf3 dxe2 8. Bxe2 a6 9. 0-0 Be7 10. Bf4 0-0 11. Nd5 Nxd5 12. Qxd5 c6 13. bxc6 dxc6 14. Qe4 f5 15. Qe3 Bf6 16. Qb3+ Kh7 17. Bxb8 Re8 18. Bc4 Ra7 19. Rae1 Qe7 20. Bd6 Be6 1-0

[Event "MK Cafe Cup-B"]
[Site "Koszalin"]
[Date "1998.??.??"]
[Round "4"]
[White "Izbinski, Bartlomiej"]
[Black "Ilczuk, Piotr"]
[Result "1-0"]
[WhiteElo "2160"]
[BlackElo "2280"]
[PlyCount "33"]
[EventDate "1998.08.??"]
[EventType "swiss"]
[EventRounds "10"]
[EventCountry "POL"]
[SourceTitle "EXT 1999"]
[Source "ChessBase"]
[SourceDate "1998.11.16"]
[SourceVersion "1"]
[SourceVersionDate "1998.11.16"]
[SourceQuality "1"]

1. e4 e5 2. Nf3 Nc6 3. Nc3 g6 4. d4 exd4 5. Nxd4 Bg7 6. Be3 Nf6 7. Nxc6 bxc6 8. e5 Ng8 9. f4 Ne7 10. Bc5 g5 11. Bc4 gxf4 12. Qh5 Ng6 13. 0-0 Bxe5 14. Rxf4 Rf8 15. Rxf7 d6 16. Qxh7 Bxh2+ 17. Kh1 1-0

[Event "Krakow op-A"]
[Site "Krakow"]
[Date "1998.??.??"]
[Round "?"]
[White "Izbinski, Bartlomiej"]
[Black "Niklasch, Oliver"]
[Result "0-1"]
[WhiteElo "2130"]
[BlackElo "2345"]
[PlyCount "62"]
[EventDate "1998.??.??"]
[EventType "swiss"]
[EventRounds "9"]
[EventCountry "POL"]
[SourceTitle "EXT 2002"]
[Source "ChessBase"]
[SourceDate "2001.11.25"]
[SourceVersion "1"]
[SourceVersionDate "2001.11.25"]
[SourceQuality "1"]

1. e4 c5 2. Nf3 e6 3. d4 cxd4 4. Nxd4 a6 5. Bd3 Nc6 6. Nxc6 dxc6 7. 0-0 e5 8. Kh1 Be6 9. f4 exf4 10. Bxf4 Ne7 11. Nc3 Ng6 12. Bg3 Bd6 13. e5 Bxe5 14. Qh5 Bxg3 15. Bxg6 Rf8 16. hxg3 hxg6 17. Qc5 Rh8+ 18. Kg1 Rh5 19. Qe3 Qg5 20. Rf4 0-0-0 21. b4 Qh6 22. Kf2 g5 23. Rf3 g4 24. Rf4 g5 25. Re4 Qf6+ 26. Ke2 Rh2 27. Rg1 Bf5 28. Re8 Rh8 29. Rxh8 Qxh8 30. Kf2 Bxc2 31. Rc1 Rd3 0-1

[Event "POL-chT 53rd"]
[Site "Krynica"]
[Date "1997.09.29"]
[Round "5"]
[White "Gdanski, Jacek"]
[Black "Izbinski, Bartlomiej"]
[Result "1-0"]
[WhiteElo "2505"]
[BlackElo "2190"]
[PlyCount "91"]
[EventDate "1997.09.25"]
[EventType "team-tourn"]
[EventRounds "11"]
[EventCountry "POL"]
[SourceTitle "EXT 2019"]
[Source "ChessBase"]
[SourceDate "2018.10.10"]
[SourceVersion "1"]
[SourceVersionDate "2018.10.10"]
[SourceQuality "1"]
[WhiteTeam "Warszawa Polonia"]
[BlackTeam "Legnica Miedz"]
[WhiteTeamCountry "POL"]
[BlackTeamCountry "POL"]

1. e4 c5 2. Nc3 Nc6 3. Nf3 g6 4. Bb5 Bg7 5. 0-0 Nf6 6. Re1 0-0 7. e5 Ne8 8. Bxc6 dxc6 9. h3 Nc7 10. d3 Ne6 11. a4 a5 12. b3 b6 13. Ne4 f5 14. exf6 exf6 15. Bb2 Re8 16. Ng3 Ra7 17. Qd2 Rae7 18. c4 Qc7 19. Rad1 Rd8 20. Qc1 Kf7 21. Qa1 h6 22. Ne4 Qf4 23. Re3 Nd4 24. Nxd4 cxd4 25. Bxd4 c5 26. Bc3 Bf5 27. Rf3 Qh4 28. Ng3 Bc8 29. Re1 Rde8 30. Rxe7+ Rxe7 31. Ne4 Re6 32. g3 Qh5 33. g4 Qh4 34. Bxf6 Rxf6 35. Nxf6 Bxf6 36. Qe5 Be6 37. Qc7+ Kg8 38. Qxb6 Kf7 39. Qc7+ Kg8 40. Qxc5 h5 41. Qd6 Kf7 42. Re3 Bxg4 43. hxg4 Qxg4+ 44. Qg3 Qd1+ 45. Kg2 Qxb3 46. Qc7+ 1-0

[Event "POL-ch U18"]
[Site "Sopot"]
[Date "1997.??.??"]
[Round "?"]
[White "Izbinski, Bartlomiej"]
[Black "Mikrut, Dariusz"]
[Result "0-1"]
[WhiteElo "2200"]
[BlackElo "2205"]
[PlyCount "98"]
[EventDate "1997.??.??"]
[EventType "swiss"]
[EventRounds "10"]
[EventCountry "POL"]
[SourceTitle "EXT 2003"]
[Source "ChessBase"]
[SourceDate "2002.11.25"]
[SourceVersion "1"]
[SourceVersionDate "2002.11.25"]
[SourceQuality "1"]

1. e4 c5 2. Nf3 d6 3. d4 cxd4 4. Nxd4 Nf6 5. Nc3 g6 6. Be3 Bg7 7. f3 Nc6 8. Qd2 0-0 9. 0-0-0 Nxd4 10. Bxd4 Be6 11. Kb1 Qc7 12. Nd5 Bxd5 13. exd5 Rfc8 14. g4 Nxd5 15. Bxg7 Kxg7 16. Bb5 Nf6 17. h4 Qc5 18. Be2 h6 19. c3 b5 20. Rdg1 Nd5 21. f4 Rab8 22. Rd1 Ne3 23. Qd4+ Qxd4 24. Rxd4 Nc4 25. Bxc4 Rxc4 26. Rxc4 bxc4 27. Rd1 Rb5 28. Kc2 Kf8 29. b4 cxb3+ 30. axb3 h5 31. g5 Ke8 32. b4 Kd7 33. Kb3 Rb7 34. c4 a5 35. b5 Kc7 36. Ka4 Kb6 37. Rd5 Rc7 38. Rd4 Rc5 39. Kb3 d5 40. cxd5 Rxb5+ 41. Kc3 Kc5 42. Ra4 Kxd5 43. Kd3 Kc6 44. Ke3 Rb3+ 45. Kf2 Kb5 46. Re4 e6 47. Re5+ Kb6 48. Re1 a4 49. Rd1 a3 0-1